000 00307 a2200157 4500
001 61725
020 _a8508029438
040 _cAnchieta - Pituba
100 _aSilva, Aracy Lopes da
240 1 0 _aÍndios
_lpor
245 1 0 _aÍndios
300 _a39
362 0 _a1988
650 4 _aBrasil
942 _cBK
999 _c61725
_d61725